|
|
|
|
| LEADER |
01424nam a2200385 a 4500 |
| 001 |
000734461 |
| 003 |
CZ BrMZK |
| 005 |
20040920142738.0 |
| 007 |
ta |
| 008 |
040913s2003 xr a jrp 000 0 czeoc |
| 015 |
|
|
|a cnb001310184
|
| 020 |
|
|
|a 80-86450-24-4
|q (brož.)
|z 80-86792-14-5
|
| 035 |
|
|
|a (OCoLC)56873149
|
| 040 |
|
|
|a ABA001
|b cze
|d BOA001
|
| 072 |
|
7 |
|a 811.162.3
|x Čeština
|2 Konspekt
|9 11
|
| 080 |
|
|
|a 316.344.6-056.263
|2 MRF
|
| 080 |
|
|
|a 811.162.3
|2 MRF
|
| 080 |
|
|
|a 81'42
|2 MRF
|
| 080 |
|
|
|a (075)
|2 MRF
|
| 100 |
1 |
|
|a Macurová, Alena,
|d 1946-
|7 jk01072822
|4 aut
|
| 245 |
1 |
0 |
|a Rozumíme česky :
|b učebnice pro neslyšící /
|c Alena Macurová, Andrea Hudáková, Markéta Othová
|
| 250 |
|
|
|a Vyd. 1.
|
| 260 |
|
|
|a Praha :
|b Divus,
|c 2003
|
| 300 |
|
|
|a 168 s. :
|b il. ;
|c 30 cm
|
| 650 |
0 |
7 |
|a neslyšící
|7 ph137297
|2 czenas
|
| 650 |
0 |
7 |
|a čeština
|7 ph135292
|2 czenas
|
| 655 |
|
7 |
|a učebnice
|7 fd133770
|2 czenas
|
| 650 |
0 |
7 |
|a psaný projev
|7 ph182328
|2 czenas
|
| 650 |
0 |
7 |
|a psané texty
|7 ph124767
|2 czenas
|
| 700 |
1 |
|
|a Hudáková, Andrea,
|d 1974-
|7 mzk2004236650
|4 aut
|
| 700 |
1 |
|
|a Othová, Markéta,
|d 1968-
|7 jn20000720214
|4 ill
|
| 856 |
4 |
1 |
|u http://www.digitalniknihovna.cz/mzk/uuid/uuid:bada4e90-609c-11e2-9d9f-005056827e52
|y Digitalizovaný dokument
|x NDK
|
| 910 |
|
|
|a BOA001
|b 4-1139.934
|
| 990 |
|
|
|a BK
|
| 996 |
6 |
|
|b 2610228549
|c 4-1139.934
|l MZK
|r Sklad / do 1 hodiny
|n 8
|p p.v.
|w 000734461
|u 000010
|a 1
|e BOA001
|j MZK50
|s P
|